[Event "ROM-ch"]
[Site "Sebes"]
[Date "2023.02.26"]
[Round "9"]
[White "Vrencian, Lehel"]
[Black "Ignat, Matei Marius"]
[Result "1-0"]
[WhiteElo "2226"]
[BlackElo "2060"]
[PlyCount "111"]
[EventDate "2023.02.19"]
[EventType "swiss"]
[EventRounds "9"]
[EventCountry "ROU"]
[SourceTitle "CBM 212 Extra"]
[Source "ChessBase"]
[SourceDate "2023.03.31"]
[SourceVersion "1"]
[SourceVersionDate "2023.03.31"]
[SourceQuality "1"]

1. e4 c6 2. d4 d5 3. e5 Bf5 4. Nd2 e6 5. Nb3 Nd7 6. Nf3 Qc7 7. Be2 f6 8. Bf4 fxe5 9. dxe5 Ne7 10. 0-0 Ng6 11. Bg3 Ndxe5 12. Nxe5 Nxe5 13. c4 dxc4 14. Bxc4 Bd6 15. Qh5+ g6 16. Qe2 Nxc4 17. Qxc4 0-0-0 18. Nc5 Bxg3 19. hxg3 e5 20. Rfe1 Rd4 21. Qb3 b6 22. Ne6 Bxe6 23. Qxe6+ Kb7 24. Rxe5 Rhd8 25. Rae1 Qd7 26. Qf6 Rd1 27. Kh2 Rxe1 28. Rxe1 Qc7 29. Re6 Rd5 30. f4 Rh5+ 31. Kg1 Rf5 32. Qd4 Rd5 33. Qe4 Rd6 34. Re5 Rd7 35. Kh2 Qd6 36. a3 Kc7 37. g4 Qf6 38. Kh3 Qd6 39. g3 Qd1 40. Kh4 Qd2 41. Qe2 Qc1 42. Kg5 Qg1 43. Re7 Qc5+ 44. Qe5+ Qxe5+ 45. Rxe5 Kd6 46. Kf6 c5 47. Re2 Kc6 48. f5 Rd3 49. Ke7 gxf5 50. gxf5 Rxg3 51. f6 Rf3 52. f7 Kb5 53. b3 a5 54. Re4 c4 55. bxc4+ Ka4 56. c5+ 1-0

[Event "Braila GP RO Stage 5"]
[Site "Braila"]
[Date "2022.11.05"]
[Round "1"]
[White "Van Foreest, Jorden"]
[Black "Ignat, Matei Marius"]
[Result "1-0"]
[WhiteElo "2690"]
[BlackElo "2068"]
[PlyCount "75"]
[EventDate "2022.11.05"]
[EventType "swiss (rapid)"]
[EventRounds "10"]
[EventCountry "ROU"]
[SourceTitle "EXT 2024"]
[Source "ChessBase"]
[SourceDate "2023.10.10"]
[SourceVersion "1"]
[SourceVersionDate "2023.10.10"]
[SourceQuality "1"]

1. e4 e6 2. d4 d5 3. Nc3 Bb4 4. e5 c5 5. a3 Bxc3+ 6. bxc3 Ne7 7. h4 Qc7 8. Rh3 Nbc6 9. h5 h6 10. Nf3 Bd7 11. Bd3 Qa5 12. Bd2 c4 13. Be2 0-0-0 14. a4 f6 15. Kf1 fxe5 16. Nxe5 Nxe5 17. dxe5 Rhf8 18. Kg1 Qc7 19. Be3 Nf5 20. Bd4 a6 21. Bg4 Nxd4 22. cxd4 Rf4 23. c3 Rdf8 24. Ra2 Qb6 25. Rg3 Kb8 26. a5 Qd8 27. Bh3 Qe7 28. Rb2 Qf7 29. f3 Bc8 30. Qb1 Qc7 31. Rb6 Re8 32. Rxa6 Qe7 33. Rb6 Qh4 34. Rxg7 Re7 35. Rxe7 Qxe7 36. a6 Qg5 37. Rxb7+ Bxb7 38. Qxb7# 1-0

[Event "Paracin op-A 15th"]
[Site "Paracin"]
[Date "2022.07.09"]
[Round "3"]
[White "Ignat, Matei Marius"]
[Black "Pasti, Aron"]
[Result "0-1"]
[WhiteElo "2055"]
[BlackElo "2365"]
[PlyCount "28"]
[EventDate "2022.07.08"]
[EventType "swiss"]
[EventRounds "9"]
[EventCountry "SRB"]
[SourceTitle "EXT 2023"]
[Source "ChessBase"]
[SourceDate "2022.10.05"]
[SourceVersion "1"]
[SourceVersionDate "2022.10.05"]
[SourceQuality "1"]

1. e4 c5 2. Nf3 e6 3. b3 d6 4. Bb2 Nf6 5. e5 dxe5 6. Nxe5 Be7 7. Bd3 0-0 8. 0-0 Qc7 9. f4 Nc6 10. Qf3 Nb4 11. Nc3 Nxd3 12. Qxd3 a6 13. Qg3 b5 14. d3 Ne8 0-1

[Event "Paracin op-A 15th"]
[Site "Paracin"]
[Date "2022.07.08"]
[Round "1"]
[White "Ignat, Matei Marius"]
[Black "Anand, Batsukh"]
[Result "0-1"]
[WhiteElo "2055"]
[BlackElo "2312"]
[PlyCount "104"]
[EventDate "2022.07.08"]
[EventType "swiss"]
[EventRounds "9"]
[EventCountry "SRB"]
[SourceTitle "EXT 2023"]
[Source "ChessBase"]
[SourceDate "2022.10.05"]
[SourceVersion "1"]
[SourceVersionDate "2022.10.05"]
[SourceQuality "1"]

1. e4 c5 2. Nf3 e6 3. b3 a6 4. Bb2 Nc6 5. c4 d6 6. d4 cxd4 7. Nxd4 Bd7 8. Nc3 Nf6 9. Nxc6 Bxc6 10. Bd3 Be7 11. 0-0 0-0 12. Qe2 Nd7 13. Rfd1 Bf6 14. Bc2 Be5 15. Qe3 Qf6 16. g3 g5 17. b4 b5 18. cxb5 axb5 19. Rd2 Qg7 20. Bb3 Bf4 21. Qe2 Bxd2 22. Qxd2 Ne5 23. Qxd6 Rfd8 24. Qc5 Rac8 25. Nd1 Nd3 26. Bxg7 Nxc5 27. Bf6 Nxb3 28. axb3 Rd3 29. Bxg5 Bxe4 30. Be7 Rxb3 31. g4 Rb1 32. Rxb1 Bxb1 33. Ne3 Be4 34. h4 f5 35. gxf5 exf5 36. Bd6 Kf7 37. Kh2 Ke6 38. Bf4 Ra8 39. Bh6 Ra1 40. Kg3 Rg1+ 41. Kf4 Rh1 42. Kg3 Kf7 43. f3 Bd3 44. Bf4 Ra1 45. Kf2 Rb1 46. Bd6 Kg6 47. Bf8 f4 48. Ng4 h5 49. Nh6 Rb2+ 50. Kg1 Be2 51. Kf2 Bc4+ 52. Kg1 Bd5 0-1

[Event "ROM-ch Rapid"]
[Site "Bucharest"]
[Date "2022.03.12"]
[Round "9"]
[White "Bulau, Andrei Cristian"]
[Black "Ignat, Matei Marius"]
[Result "0-1"]
[WhiteElo "2170"]
[BlackElo "2053"]
[PlyCount "104"]
[EventDate "2022.03.11"]
[EventType "swiss (rapid)"]
[EventRounds "9"]
[EventCountry "ROU"]
[SourceTitle "CBM 207 Extra"]
[Source "ChessBase"]
[SourceDate "2022.05.31"]
[SourceVersion "1"]
[SourceVersionDate "2022.05.31"]
[SourceQuality "1"]

1. d4 Nf6 2. c4 g6 3. Nc3 d5 4. Nf3 Bg7 5. h4 c6 6. Bf4 0-0 7. e3 Bg4 8. cxd5 cxd5 9. Be2 Nc6 10. 0-0 Qb6 11. Na4 Qa5 12. Nc5 Ne4 13. Nxe4 dxe4 14. Ng5 Bxe2 15. Qxe2 e5 16. dxe5 Bxe5 17. Nxe4 Bxf4 18. exf4 Qf5 19. Ng3 Qxf4 20. Qe4 Qxe4 21. Nxe4 Rfd8 22. Rfd1 Rxd1+ 23. Rxd1 Rd8 24. Rxd8+ Nxd8 25. Kf1 f5 26. Nc5 Kf7 27. Ke2 b6 28. Nd3 Ke6 29. Ke3 Kd5 30. b3 Nc6 31. Nf4+ Ke5 32. f3 Nb4 33. Nh3 Nxa2 34. Ng5 h5 35. f4+ Kd5 36. Nf3 Nc1 37. Ne5 Nxb3 38. Nxg6 a5 39. Kd3 Nc5+ 40. Kc3 b5 41. Ne7+ Ke4 42. Nc6 b4+ 43. Kb2 a4 44. g3 Nd3+ 45. Kc2 b3+ 46. Kc3 b2 47. Kc2 a3 48. Kb1 Kf3 49. Ne5+ Ke2 50. Nc4 Kf2 51. Nxa3 Kxg3 52. Kc2 Nxf4 0-1

[Event "ROM-ch"]
[Site "Eforie Nord"]
[Date "2022.02.21"]
[Round "2"]
[White "Ignat, Matei Marius"]
[Black "Pirvulescu, Adrian"]
[Result "1-0"]
[WhiteElo "2053"]
[BlackElo "1843"]
[PlyCount "63"]
[EventDate "2022.02.20"]
[EventType "swiss"]
[EventRounds "9"]
[EventCountry "ROU"]
[SourceTitle "CBM 207 Extra"]
[Source "ChessBase"]
[SourceDate "2022.05.31"]
[SourceVersion "1"]
[SourceVersionDate "2022.05.31"]
[SourceQuality "1"]

1. e4 Nf6 2. e5 Nd5 3. d4 d6 4. Nf3 Nb6 5. Be2 g6 6. 0-0 Bg7 7. c4 0-0 8. h3 Bf5 9. b3 Nc6 10. exd6 cxd6 11. Bb2 Bxb1 12. Rxb1 d5 13. c5 Nc8 14. Qd2 e6 15. b4 a6 16. a4 N8e7 17. b5 axb5 18. axb5 Na5 19. Qb4 Nf5 20. Ra1 b6 21. Ra2 Nc6 22. Rxa8 Nxb4 23. Rxd8 Rxd8 24. cxb6 Nc2 25. Rc1 Ncxd4 26. Nxd4 Nxd4 27. Bxd4 Bxd4 28. b7 Ba7 29. Rc8 Rf8 30. b6 Bb8 31. Bb5 f5 32. Be8 1-0

[Event "Arad op-A 14th"]
[Site "Arad"]
[Date "2021.07.31"]
[Round "3"]
[White "Halkias, Stelios"]
[Black "Ignat, Matei Marius"]
[Result "1-0"]
[WhiteElo "2567"]
[BlackElo "1987"]
[PlyCount "111"]
[EventDate "2021.07.30"]
[EventType "swiss"]
[EventRounds "9"]
[EventCountry "ROU"]
[SourceTitle "CBM 203 Extra"]
[Source "ChessBase"]
[SourceDate "2021.09.30"]
[SourceVersion "1"]
[SourceVersionDate "2021.09.30"]
[SourceQuality "1"]

1. Nf3 Nf6 2. c4 e6 3. Nc3 c5 4. g3 b6 5. Bg2 Bb7 6. 0-0 Be7 7. d4 cxd4 8. Qxd4 0-0 9. Rd1 Nc6 10. Qf4 d6 11. b3 a6 12. Bb2 Qc7 13. Nd2 Rad8 14. Rac1 Ne5 15. Bxb7 Qxb7 16. Nde4 Nxe4 17. Nxe4 Qc7 18. Qe3 Qb8 19. Nd2 Bf6 20. Bc3 b5 21. Ne4 Be7 22. Bxe5 dxe5 23. c5 Rd5 24. b4 Rfd8 25. Rxd5 exd5 26. Nd2 Qc7 27. Nf3 e4 28. Nd4 g6 29. Qf4 Qxf4 30. gxf4 Kf8 31. Rd1 Bf6 32. e3 Bxd4 33. Rxd4 Ke7 34. Rd2 Ke6 35. a4 bxa4 36. Ra2 d4 37. exd4 Rxd4 38. Rxa4 Kf5 39. c6 Kxf4 40. Kg2 Rc4 41. b5 Rxa4 42. c7 Rc4 43. b6 Kf5 44. b7 Rxc7 45. b8Q Rc6 46. Qb7 Rf6 47. h4 Kg4 48. Qxe4+ Kh5 49. Kg3 Kh6 50. Qe3+ Kg7 51. Qe5 h5 52. f4 a5 53. Kg2 a4 54. Kg3 a3 55. Kf3 a2 56. Qa1 1-0

[Event "Arad op-A 14th"]
[Site "Arad"]
[Date "2021.07.31"]
[Round "2"]
[White "Ignat, Matei Marius"]
[Black "Ghita, Vlad Bogdan"]
[Result "1-0"]
[WhiteElo "1987"]
[BlackElo "1843"]
[PlyCount "133"]
[EventDate "2021.07.30"]
[EventType "swiss"]
[EventRounds "9"]
[EventCountry "ROU"]
[SourceTitle "CBM 203 Extra"]
[Source "ChessBase"]
[SourceDate "2021.09.30"]
[SourceVersion "1"]
[SourceVersionDate "2021.09.30"]
[SourceQuality "1"]

1. e4 c5 2. Nf3 d6 3. Bb5+ Bd7 4. Bxd7+ Nxd7 5. 0-0 Ngf6 6. Qe2 Rc8 7. b3 g6 8. Bb2 Bg7 9. c4 0-0 10. d4 cxd4 11. Nxd4 Qa5 12. Nc3 Qh5 13. Qxh5 Nxh5 14. Rfd1 Nf4 15. Rd2 Bxd4 16. Rxd4 b5 17. cxb5 Rxc3 18. Bxc3 Ne2+ 19. Kf1 Nxc3 20. Rc4 Nxb5 21. a4 d5 22. exd5 Nd6 23. Rc7 Nb6 24. Rd1 Rb8 25. Rxe7 Nbc8 26. Re3 Kg7 27. Rc1 Rb4 28. Rd3 h5 29. Rc7 Kf6 30. Rdc3 Ke5 31. g3 Kxd5 32. Rxc8 Nxc8 33. Rxc8 Rxb3 34. Rc7 Ke6 35. Rxa7 Ra3 36. Ra8 Ra2 37. h4 Kf5 38. Kg2 Ra1 39. a5 Ra2 40. a6 f6 41. Kf3 Ra3+ 42. Ke2 Ra2+ 43. Ke3 Ke5 44. Re8+ Kf5 45. Ra8 Ke5 46. Kd3 Kf5 47. a7 Ra1 48. Kd4 Ra4+ 49. Kd5 Ra1 50. Kd6 Rd1+ 51. Ke7 Re1+ 52. Kf7 Ra1 53. Kg7 Ra2 54. Kh6 Ra1 55. f3 Ra4 56. Rb8 Rxa7 57. Rb5+ Ke6 58. Kxg6 Ke7 59. Kxh5 Kf7 60. Kg4 Kg6 61. Rb6 Ra5 62. h5+ Kg7 63. Rb7+ Kh6 64. Rf7 Ra6 65. Kf5 Ra5+ 66. Kxf6 Rf5+ 67. Kxf5 1-0

[Event "ROM-ch"]
[Site "Iasi"]
[Date "2021.04.25"]
[Round "9"]
[White "Filip, Andrei"]
[Black "Ignat, Matei Marius"]
[Result "1/2-1/2"]
[WhiteElo "2168"]
[BlackElo "1978"]
[PlyCount "81"]
[EventDate "2021.04.19"]
[EventType "swiss"]
[EventRounds "9"]
[EventCountry "ROU"]
[SourceTitle "CBM 202 Extra"]
[Source "ChessBase"]
[SourceDate "2021.07.31"]
[SourceVersion "1"]
[SourceVersionDate "2021.07.31"]
[SourceQuality "1"]

1. e4 e6 2. d4 d5 3. Nd2 c5 4. exd5 Qxd5 5. Ngf3 cxd4 6. Bc4 Qd6 7. 0-0 Nf6 8. Re1 Nc6 9. Nb3 Be7 10. Nbxd4 Nxd4 11. Nxd4 0-0 12. c3 Qc7 13. Bf1 b6 14. Bg5 Bb7 15. Bh4 Rad8 16. Qe2 Nd5 17. Bg3 Qc8 18. Rad1 a6 19. Qc2 Rfe8 20. Be2 Nf6 21. Bf3 Bc5 22. Bxb7 Qxb7 23. Nf3 b5 24. Be5 Rxd1 25. Rxd1 Ne4 26. Bd4 h6 27. Bxc5 Nxc5 28. h3 Qc7 29. b3 Nd7 30. Qd3 Nb6 31. Qd6 Rc8 32. Qxc7 Rxc7 33. Rd8+ Kh7 34. Rd6 Nd5 35. c4 bxc4 36. bxc4 Rxc4 37. Rxa6 Rc1+ 38. Kh2 Rc2 39. Kg3 Nb4 40. Ra7 f6 41. Nd4 1/2-1/2

[Event "ROM-ch"]
[Site "Iasi"]
[Date "2021.04.23"]
[Round "7"]
[White "Nevednichy, Vladislav"]
[Black "Ignat, Matei Marius"]
[Result "1/2-1/2"]
[WhiteElo "2533"]
[BlackElo "1978"]
[PlyCount "80"]
[EventDate "2021.04.19"]
[EventType "swiss"]
[EventRounds "9"]
[EventCountry "ROU"]
[SourceTitle "CBM 202 Extra"]
[Source "ChessBase"]
[SourceDate "2021.07.31"]
[SourceVersion "1"]
[SourceVersionDate "2021.07.31"]
[SourceQuality "1"]

1. e4 e6 2. d4 d5 3. Nc3 Bb4 4. e5 c5 5. Bd2 Ne7 6. a3 Bxc3 7. Bxc3 b6 8. b4 Nbc6 9. Nf3 Nf5 10. dxc5 bxc5 11. b5 Nb8 12. Bd3 0-0 13. 0-0 a6 14. a4 Bb7 15. Qe2 Nh4 16. Nxh4 Qxh4 17. bxa6 Bxa6 18. Bxa6 Rxa6 19. a5 c4 20. Rfb1 Nc6 21. Rb7 Qd8 22. h3 Qa8 23. Rab1 Nxa5 24. Bxa5 Rxa5 25. Kh2 Ra7 26. R7b6 Ra1 27. R1b4 h6 28. f4 Qc8 29. Qf2 Qa8 30. f5 exf5 31. Qd4 Ra5 32. e6 Qe8 33. Qe5 fxe6 34. Rb8 Qc6 35. R4b6 Qc5 36. Qxe6+ Kh7 37. Qg6+ Kh8 38. R8b7 Qd4 39. Qxh6+ gxh6 40. Rxh6+ Kg8 1/2-1/2

[Event "ROM-ch"]
[Site "Iasi"]
[Date "2021.04.21"]
[Round "4"]
[White "Ignat, Matei Marius"]
[Black "Daianu, Cristian Clement"]
[Result "1-0"]
[WhiteElo "1978"]
[BlackElo "2234"]
[PlyCount "109"]
[EventDate "2021.04.19"]
[EventType "swiss"]
[EventRounds "9"]
[EventCountry "ROU"]
[SourceTitle "CBM 202 Extra"]
[Source "ChessBase"]
[SourceDate "2021.07.31"]
[SourceVersion "1"]
[SourceVersionDate "2021.07.31"]
[SourceQuality "1"]

1. e4 c5 2. Nf3 e6 3. g3 Nc6 4. Bg2 a6 5. 0-0 b5 6. d4 cxd4 7. Nxd4 Bb7 8. Re1 Rc8 9. Nc3 d6 10. a4 b4 11. Nxc6 Bxc6 12. Nd5 a5 13. Be3 Bb7 14. Bb6 Qd7 15. Ne3 Nf6 16. Bxa5 Bxe4 17. Bxb4 Bxg2 18. Nxg2 Qb7 19. Ba3 Be7 20. Qd3 0-0 21. Rad1 Rfd8 22. c4 d5 23. Bxe7 Qxe7 24. cxd5 Nxd5 25. Qe4 Qf6 26. b4 Rf8 27. Qd4 Qg6 28. Nf4 Nxf4 29. Qxf4 Qc2 30. b5 Rc4 31. Rd4 Rc5 32. Qe4 Qa2 33. Qb1 Rc2 34. Qxa2 Rxa2 35. Rb1 Rb8 36. b6 Kf8 37. b7 Ke7 38. Rb5 f6 39. a5 e5 40. Rdd5 Ke6 41. Rd1 Ke7 42. Kf1 h5 43. h4 g6 44. Ke1 e4 45. Rd2 Ra3 46. Ke2 f5 47. Rd4 Ra2+ 48. Ke3 Ra3+ 49. Ke2 Ra2+ 50. Rd2 Ra3 51. Rdb2 Kd7 52. Rb6 Rxa5 53. Rxg6 Kc7 54. Rh6 Rf8 55. b8Q+ 1-0

[Event "ROM-ch U18"]
[Site "Mamaia"]
[Date "2021.04.10"]
[Round "5"]
[White "Ignat, Matei Marius"]
[Black "Nagy Elek, Tamas"]
[Result "1-0"]
[WhiteElo "1978"]
[BlackElo "1895"]
[PlyCount "88"]
[EventDate "2021.04.07"]
[EventType "swiss"]
[EventRounds "9"]
[EventCountry "ROU"]
[SourceTitle "EXT 2022"]
[Source "ChessBase"]
[SourceDate "2021.10.06"]
[SourceVersion "1"]
[SourceVersionDate "2021.10.06"]
[SourceQuality "1"]

1. e4 e5 2. Nf3 Nc6 3. Bb5 a6 4. Ba4 Nf6 5. 0-0 Be7 6. Re1 b5 7. Bb3 d6 8. c3 0-0 9. h3 Nb8 10. d4 Nbd7 11. Nbd2 Bb7 12. Bc2 Re8 13. Nf1 Bf8 14. Ng3 g6 15. a4 Nb6 16. b3 Bg7 17. Rb1 Qc8 18. Bd3 c6 19. Bg5 h6 20. Be3 Qc7 21. Qd2 Kh7 22. Nh2 Rad8 23. axb5 axb5 24. f4 Nfd7 25. Rf1 f6 26. f5 g5 27. Nh5 d5 28. Qc2 Qd6 29. dxe5 Qxe5 30. Ng4 Qe7 31. e5 Nc8 32. exf6 Bxf6 33. Nhxf6+ Nxf6 34. Nxf6+ Qxf6 35. Bd4 Re5 36. Rbe1 Rde8 37. Qf2 Nd6 38. Rxe5 Rxe5 39. Bxe5 Qxe5 40. f6+ Kg8 41. Qb6 Qe8 42. f7+ Nxf7 43. Qxb7 Qe3+ 44. Kh1 Qe6 1-0

[Event "ROM-ch U18"]
[Site "Mamaia"]
[Date "2021.04.09"]
[Round "3"]
[White "Ignat, Matei Marius"]
[Black "Gheorghiu, Alexandru Dan"]
[Result "1-0"]
[WhiteElo "1978"]
[BlackElo "1857"]
[PlyCount "85"]
[EventDate "2021.04.07"]
[EventType "swiss"]
[EventRounds "9"]
[EventCountry "ROU"]
[SourceTitle "EXT 2022"]
[Source "ChessBase"]
[SourceDate "2021.10.06"]
[SourceVersion "1"]
[SourceVersionDate "2021.10.06"]
[SourceQuality "1"]

1. e4 e5 2. Nf3 Nc6 3. Bb5 Nf6 4. 0-0 Nxe4 5. Re1 Nd6 6. Nxe5 Be7 7. Bf1 Nxe5 8. Rxe5 0-0 9. Nc3 Bf6 10. Re1 Nf5 11. Nd5 d6 12. Nxf6+ Qxf6 13. d3 Be6 14. c3 c5 15. a4 Bd5 16. Qg4 h6 17. g3 Rfe8 18. Bd2 Bc6 19. h4 d5 20. Qf4 h5 21. b3 Qg6 22. Bh3 Nd6 23. Be3 c4 24. Bc5 Red8 25. dxc4 dxc4 26. Rad1 Ne4 27. Rxd8+ Rxd8 28. Bf5 Qf6 29. Bxe4 Qxf4 30. gxf4 Re8 31. f3 cxb3 32. Kf2 b2 33. Bb1 Rd8 34. Re2 Bxa4 35. Bxa7 Rd1 36. Rxb2 Bc6 37. Be4 Bxe4 38. fxe4 Rh1 39. Kg3 Re1 40. e5 Rd1 41. Bd4 Rd3+ 42. Kg2 Kh7 43. f5 1-0

[Event "Romania blitz online op final"]
[Site "Chess.com INT"]
[Date "2020.05.06"]
[Round "9"]
[White "Tunaru, Alexandru A"]
[Black "Ignat, Matei Marius"]
[Result "1/2-1/2"]
[WhiteElo "2107"]
[BlackElo "1992"]
[PlyCount "68"]
[EventDate "2020.05.06"]
[EventType "swiss (blitz)"]
[EventRounds "9"]
[EventCountry "ROU"]
[SourceTitle "CBM 196 Extra"]
[Source "ChessBase"]
[SourceDate "2020.07.31"]
[SourceVersion "1"]
[SourceVersionDate "2020.07.31"]
[SourceQuality "1"]

1. e4 c5 2. Nf3 Nc6 3. Qe2 g6 4. g3 Bg7 5. Bg2 e6 6. 0-0 Nge7 7. c3 d5 8. d3 0-0 9. a4 e5 10. Na3 d4 11. cxd4 Nxd4 12. Nxd4 cxd4 13. Bd2 Be6 14. Rac1 Rc8 15. Bb4 Qd7 16. a5 Rxc1 17. Rxc1 Rc8 18. Rxc8+ Nxc8 19. Qc2 Bf8 20. Bxf8 Kxf8 21. f4 f6 22. fxe5 fxe5 23. Qc5+ Qd6 24. Qb5 Qc7 25. Kf2 Ke7 26. Bf1 Kf6 27. Be2 b6 28. axb6 axb6 29. Qe8 Nd6 30. Qh8+ Qg7 31. Qd8+ Qe7 32. Qh8+ Qg7 33. Qd8+ Qe7 34. Qh8+ Qg7 1/2-1/2

[Event "ROM-ch U16"]
[Site "Calimanesti Caciulata"]
[Date "2019.04.20"]
[Round "7"]
[White "Barbu, Simon Alexandru"]
[Black "Ignat, Matei Marius"]
[Result "0-1"]
[WhiteElo "1729"]
[BlackElo "1750"]
[PlyCount "92"]
[EventDate "2019.04.15"]
[EventType "swiss"]
[EventRounds "9"]
[EventCountry "ROU"]
[SourceTitle "CBM 190 Extra"]
[Source "ChessBase"]
[SourceDate "2019.07.15"]
[SourceVersion "1"]
[SourceVersionDate "2019.07.15"]
[SourceQuality "1"]

1. d4 f5 2. c4 Nf6 3. Nc3 d6 4. g3 e6 5. Bg2 Be7 6. e3 0-0 7. Nge2 e5 8. 0-0 Qe8 9. dxe5 dxe5 10. Nd5 Bd8 11. Qb3 c6 12. Nxf6+ Rxf6 13. e4 Nd7 14. Be3 fxe4 15. Nc3 Be7 16. Nxe4 Rf8 17. Rad1 Nf6 18. Ng5 Kh8 19. c5 Ng4 20. Nf3 Qh5 21. h3 Nxe3 22. Qxe3 e4 23. Qxe4 Bxc5 24. g4 Qg6 25. Qxg6 hxg6 26. Ne5 Re8 27. Nxg6+ Kh7 28. Nf4 Be6 29. b3 Kg8 30. Rfe1 Bf7 31. Re4 Red8 32. Ree1 Bb4 33. Rxd8+ Rxd8 34. Re4 Bc5 35. Re2 Rd1+ 36. Kh2 Bd6 37. Kg3 g5 38. h4 Bxf4+ 39. Kh3 Kf8 40. hxg5 Bxg5 41. Kg3 Rd4 42. Bf3 Kg7 43. Re4 Rd3 44. Re5 Bf6 45. Rf5 Bg6 46. Ra5 Be4 0-1

[Event "ROM-ch U16"]
[Site "Calimanesti Caciulata"]
[Date "2019.04.19"]
[Round "6"]
[White "Ignat, Matei Marius"]
[Black "Rodila, Rares Andrei"]
[Result "1-0"]
[WhiteElo "1750"]
[BlackElo "1514"]
[PlyCount "61"]
[EventDate "2019.04.15"]
[EventType "swiss"]
[EventRounds "9"]
[EventCountry "ROU"]
[SourceTitle "CBM 190 Extra"]
[Source "ChessBase"]
[SourceDate "2019.07.15"]
[SourceVersion "1"]
[SourceVersionDate "2019.07.15"]
[SourceQuality "1"]

1. e4 c5 2. c3 d6 3. d4 cxd4 4. cxd4 g6 5. Nc3 Bg7 6. Nf3 e6 7. Bg5 Ne7 8. Qd2 0-0 9. Be2 Nbc6 10. Bh6 Re8 11. Bxg7 Kxg7 12. 0-0 d5 13. e5 Nf5 14. Rfd1 a6 15. Qf4 Qb6 16. Rd2 Na5 17. Nh4 Qd8 18. Nxf5+ exf5 19. Rc1 Be6 20. b4 Nc4 21. Bxc4 dxc4 22. d5 Bc8 23. Qd4 Kg8 24. d6 Be6 25. Nd5 Bxd5 26. Qxd5 b5 27. d7 Re7 28. Qxa8 Qxa8 29. d8Q+ Qxd8 30. Rxd8+ Kg7 31. h3 1-0

[Event "ROM-ch U16"]
[Site "Calimanesti"]
[Date "2018.04.02"]
[Round "8"]
[White "Iustin, Silviu"]
[Black "Ignat, Matei Marius"]
[Result "1-0"]
[WhiteElo "2006"]
[BlackElo "1582"]
[PlyCount "77"]
[EventDate "2018.03.27"]
[EventType "swiss"]
[EventRounds "9"]
[EventCountry "ROU"]
[SourceTitle "CBM 183 Extra"]
[Source "ChessBase"]
[SourceDate "2018.04.19"]
[SourceVersion "1"]
[SourceVersionDate "2018.04.19"]
[SourceQuality "1"]

1. e4 e5 2. Nf3 Nc6 3. Bb5 d6 4. d4 exd4 5. Nxd4 Bd7 6. Bxc6 bxc6 7. Nc3 g6 8. Be3 Bg7 9. Qd2 Nf6 10. 0-0-0 0-0 11. Bh6 Qb8 12. Bxg7 Kxg7 13. f3 Qb4 14. g4 Rfb8 15. Nb3 c5 16. h4 a5 17. h5 Ng8 18. hxg6 hxg6 19. Nd5 Qb7 20. Qc3+ Kf8 21. Rh7 Be6 22. Qg7+ Ke8 23. Qxg8+ Kd7 24. Qg7 a4 25. Nxc5+ dxc5 26. Nb6+ Kc6 27. Nxa8 Qxa8 28. Qf6 Kb7 29. a3 Qa5 30. Rh8 Rxh8 31. Qxh8 c4 32. Qc3 Qb5 33. Qb4 Qxb4 34. axb4 c6 35. Kd2 f6 36. Kc3 f5 37. gxf5 gxf5 38. exf5 Bxf5 39. Rd8 1-0